000 00677 a2200157 4500
003 Nust
005 20170207154024.0
040 _cNust
100 _aMark Balch
245 _aComplete digital design (E-Book) (E-Book)
_bA Comprehensive Guide to Digital Electronics and Computer System Architecture
_cMark Balch
260 _aNew Delhi
_bMcGRAW-HILL New York Chicago San Francisco
_c© 2003
300 _a481 P'
505 _aPART 1:- Digital Fundamentals (Page-1) PART 2:- Advanced Digital Systems (Page-145) Part 3:- Analog Basics for Digital Systems (Page-267) PART 4:- Digital System Design in Practice (Page-355)
650 _aTelecommunication engineering.
651 _a(E-Book)
942 _2ddc
_cBK
999 _c191800
_d191800